ČSN 57 0529 SUROVÉ KRAVSKÉ MLIEKO PRE MLIEKÁRENSKÉ OŠETRENIE A SPRACOVANIE. 4. návrh

Bibliographic Details
Main Authors: Kadlec, J. (Author), Vachoušková, H. (Author)
Format: Article
Language:Slovak

MARC

LEADER 00000nab a2200000 a 4500
001 vtls010718752
003 SK-MaSNL
005 20260304185650.0
008 250709s1992 xo |||||||||||||||||slo|
035 |a (urnnbn)urn:nbn:sk:snk:ar-a04pcb 
035 |a (uuid)3274a8c1-09cd-4ea1-925e-fabdbba7f025 
035 |a urn:nbn:sk:snk-ab3k7p 
040 |a SNKBUCL  |b slo  |c SNKBUCL  |e AACR2 
041 0 |a slo 
044 |a xo  |c SK 
100 1 |a Kadlec, J.  |4 aut  |9 686275 
245 1 0 |a ČSN 57 0529 SUROVÉ KRAVSKÉ MLIEKO PRE MLIEKÁRENSKÉ OŠETRENIE A SPRACOVANIE. 4. návrh  |c J. Kadlec, H. Vachoušková 
700 1 |a Vachoušková, H.  |4 aut  |9 1520196 
773 0 |t Mliekarstvo : bulletin pre internú potrebu výrobcov a spracovateľov mlieka  |g Roč. 23, č. 2 (1992), s. 11-13 
850 |a Slovenská národná knižnica 
852 |a Slovenská národná knižnica 
954 |a odborná, vedecká literatúra pôvodná (slovenská)  |2 lita 
958 |a article1 
958 |a OND 
958 |a EUIPO 
999 |c 3045211  |d 3047141